ბათუმის შოთა რუსთაველის სახელმწიფო უნივერსიტეტის ბიბლიოთეკა

კოლხეთის მზე (ბიბ.ჩანაწერი № 42394)

000 -LEADER
fixed length control field 00660nam a2200229Ia 4500
001 - CONTROL NUMBER
control field 9090
003 - CONTROL NUMBER IDENTIFIER
control field GE_BSU
008 - FIXED-LENGTH DATA ELEMENTS--GENERAL INFORMATION
fixed length control field 181216s||||||||xx |||||||||||||| ||und||
040 ## - CATALOGING SOURCE
Transcribing agency GE_BSU
080 ## - UNIVERSAL DECIMAL CLASSIFICATION NUMBER
Universal Decimal Classification number 821.353.1-32
100 ## - MAIN ENTRY--PERSONAL NAME
Personal name ლისაშვილი,იაკინთე
245 ## - TITLE STATEMENT
Title კოლხეთის მზე
245 ## - TITLE STATEMENT
Remainder of title მოთხრობა
245 ## - TITLE STATEMENT
Statement of responsibility, etc. რედ:ს.ჩიქოვანი
260 ## - PUBLICATION, DISTRIBUTION, ETC.
Place of publication, distribution, etc. ტფილისი.
260 ## - PUBLICATION, DISTRIBUTION, ETC.
Name of publisher, distributor, etc. ფედერაცია
260 ## - PUBLICATION, DISTRIBUTION, ETC.
Date of publication, distribution, etc. 1938
300 ## - PHYSICAL DESCRIPTION
Extent 110გვ;15სმ
653 ## - INDEX TERM--UNCONTROLLED
Uncontrolled term კოლხეთის მზე.
653 ## - INDEX TERM--UNCONTROLLED
Uncontrolled term მოთხრობა
942 ## - ADDED ENTRY ELEMENTS (KOHA)
Koha item type წიგნი
ეგზემპლარები
Withdrawn status Lost status Damaged status Not for loan Date acquired Barcode Date last seen Price effective from Koha item type
        2018-12-17 31839 2018-12-17 2018-12-17 წიგნი
        2018-12-17 31840 2018-12-17 2018-12-17 წიგნი
        2018-12-17 31841 2018-12-17 2018-12-17 წიგნი
        2018-12-17 31842 2018-12-17 2018-12-17 წიგნი